<?xml version="1.0" encoding="UTF-8"?>
<record
    xmlns:xsi="http://www.w3.org/2001/XMLSchema-instance"
    xsi:schemaLocation="http://www.loc.gov/MARC21/slim http://www.loc.gov/standards/marcxml/schema/MARC21slim.xsd"
    xmlns="http://www.loc.gov/MARC21/slim">

  <leader>00963cam a2200241   4500</leader>
  <controlfield tag="005">20160413114932.0</controlfield>
  <controlfield tag="008">160413b        mx||||| |||| 00| 0 spa d</controlfield>
  <datafield tag="020" ind1=" " ind2=" ">
    <subfield code="a">9686075496</subfield>
  </datafield>
  <datafield tag="050" ind1="0" ind2="4">
    <subfield code="a">F1391.T4</subfield>
    <subfield code="b">E87 1992</subfield>
  </datafield>
  <datafield tag="100" ind1="1" ind2=" ">
    <subfield code="a">Espinoza Valle, Victor Alejandro</subfield>
  </datafield>
  <datafield tag="245" ind1="1" ind2="0">
    <subfield code="a">Don Crisp&#xED;n una cr&#xF3;nica fronteriza :</subfield>
    <subfield code="b">memoria y dialogos de  don Crisp&#xED;n Valle Casta&#xF1;eda /</subfield>
    <subfield code="c">V&#xED;ctor Alejandro Espinoza Valle.</subfield>
  </datafield>
  <datafield tag="250" ind1=" " ind2=" ">
    <subfield code="a">2a ed.</subfield>
  </datafield>
  <datafield tag="260" ind1=" " ind2=" ">
    <subfield code="a">Tijuana, M&#xE9;xico :</subfield>
    <subfield code="b">El Colegio de la Frontera Norte,</subfield>
    <subfield code="c">1992</subfield>
  </datafield>
  <datafield tag="300" ind1=" " ind2=" ">
    <subfield code="a">166 p. :</subfield>
    <subfield code="b">ils. ;</subfield>
    <subfield code="c">23 cm.</subfield>
  </datafield>
  <datafield tag="504" ind1=" " ind2=" ">
    <subfield code="a">Incluye bibliograf&#xED;as</subfield>
  </datafield>
  <datafield tag="505" ind1=" " ind2=" ">
    <subfield code="a">BFE_EAL</subfield>
  </datafield>
  <datafield tag="600" ind1="1" ind2=" ">
    <subfield code="a">Valle Casta&#xF1;eda, Crisp&#xED;n,</subfield>
    <subfield code="d">1907-</subfield>
  </datafield>
  <datafield tag="650" ind1=" " ind2="4">
    <subfield code="a">Pol&#xED;ticos</subfield>
    <subfield code="z">M&#xE9;xico</subfield>
    <subfield code="z">Tecate</subfield>
    <subfield code="v">Biograf&#xED;a</subfield>
  </datafield>
  <datafield tag="651" ind1=" " ind2="4">
    <subfield code="a">Tecate (Baja California : Municipio)  </subfield>
    <subfield code="x">Vida social y costumbres</subfield>
  </datafield>
  <datafield tag="651" ind1=" " ind2="4">
    <subfield code="a">Tecate (Baja California : Municipio) </subfield>
    <subfield code="x">Condiciones econ&#xF3;micas</subfield>
  </datafield>
  <datafield tag="651" ind1=" " ind2="4">
    <subfield code="a">Tecate (Baja California : Municipio)</subfield>
    <subfield code="x"> Pol&#xED;tica y gobierno</subfield>
  </datafield>
  <datafield tag="942" ind1=" " ind2=" ">
    <subfield code="2">lcc</subfield>
    <subfield code="c">LIB</subfield>
  </datafield>
  <datafield tag="999" ind1=" " ind2=" ">
    <subfield code="c">64742</subfield>
    <subfield code="d">64742</subfield>
  </datafield>
  <datafield tag="952" ind1=" " ind2=" ">
    <subfield code="1">0</subfield>
    <subfield code="2">lcc</subfield>
    <subfield code="4">3</subfield>
    <subfield code="7">8</subfield>
    <subfield code="a">LIC-029</subfield>
    <subfield code="b">LIC-029</subfield>
    <subfield code="c">GENERAL</subfield>
    <subfield code="d">2016-04-13</subfield>
    <subfield code="e">UA</subfield>
    <subfield code="f">2a ed.</subfield>
    <subfield code="h">BFE000010194</subfield>
    <subfield code="i">CEA</subfield>
    <subfield code="k">CSA</subfield>
    <subfield code="o">F1391.T4 E87 1992</subfield>
    <subfield code="p">BFE000010194</subfield>
    <subfield code="r">2016-04-13 00:00:00</subfield>
    <subfield code="t">C:1</subfield>
    <subfield code="v">1.00</subfield>
    <subfield code="y">LIB</subfield>
  </datafield>
</record>
